| 000 | 00876nam a2200277Ia 4500 | ||
|---|---|---|---|
| 003 | OSt | ||
| 005 | 20221005043519.0 | ||
| 006 | a|||||r|||| 00| 0 | ||
| 007 | ta | ||
| 008 | 221004b |||||||| |||| 00| 0 eng d | ||
| 020 |
_a9788171887019 (hbk) _c1295 |
||
| 024 | _a97355 | ||
| 037 |
_b008, 02/09/2009, Independent Publishers Group _cTextual |
||
| 040 |
_aCRL _cCRL _beng |
||
| 041 |
_2eng _aeng |
||
| 082 | _aX:952, P8 | ||
| 100 | _aGhose Ajit K. | ||
| 245 | 0 | _aGlobal employment challenge | |
| 260 |
_aGeneva _bInternational Labour Office Switzerland _c2008 |
||
| 300 |
_axiii,290p. _ccm. |
||
| 650 | _aECONOMICS | ||
| 700 |
_a Ernst Christoph _9591632 |
||
| 700 |
_a Majid Nomaan _9591633 |
||
| 942 |
_hX:952, P8 _cTEXL _2cc |
||
| 999 |
_c951964 _d951964 |
||